Statistiques concernant Associez le footballeur à son pays - Clic Quiz - Partie 7

Cliquez ici pour prendre le quiz!

Statistiques générales

  • Ce quiz a été pris 867 fois
  • Le résultat moyen est 16 sur 20

Statistiques - réponses

HintRéponse% Correct
Zlatan IbrahimovicSuède
93%
Christian EriksenDanemark
90%
Wissam Ben YedderFrance
89%
Ansu FatiEspagne
86%
Lucas MouraBrésil
85%
Scott McTominayEcosse
85%
Noussair MazraouiMaroc
85%
Islam SlimaniAlgérie
84%
Dele AlliAngleterre
84%
Javier MascheranoArgentine
84%
Youri TielemansBelgique
83%
Jose FontePortugal
83%
Ismaïla SarrSénégal
81%
Eric BaillyCôte d'Ivoire
80%
Krzysztof Piątek
Pologne
80%
Manuel UgarteUruguay
80%
Konrad LaimerAutriche
67%
Trézéguet (joueur actuel)Egypte
63%
Noa LangPays-Bas
58%
Lukas PodolskiAllemagne
55%

Distribution des résultats

Percentile par nombre de réponses

% des personnes avec chaque résultat

Votre développement - résultats

Vous n’avez pas pris ce quiz